01995agaaa2200289 45000010005000000030009000050050017000140070009000310080040000400400023000800410013001031000041001161300026001572450110001832500022002932600138003153000034004535080035004875110092005225200823006145380016014375460013014536500066014667000065015327000053015977000055016507275IT-RoPAU20220918181258.0d cvaizq50131s9999||||xx ||| | || ||und|| aIT-RoPAUcIT-RoPAU aITALIANO aFo DariogCodice regista SPICS: 6571 aPAPA E LA STREGA (IL) aPAPA E LA STREGA (IL)cDiretto da: Fo DariopPAPA E LA STREGA (IL) (Rif. Codice opera principale : H7275) aEdizione Standard a(ITALIA)bVIDEOERRE SRL - FABBRI EDITORI - RCS LIBRI / Distribuzione: FABBRI EDITOREg"1989 (1° ed.: 2006 ; Ed. Lingua Orig.: n.d.)" aDVDbsonoro, col.c140 minuti a"Scenografia: Tognati Mauro; " a"Fo Dario; Rame Franca; Petruzzi Ireneo; Veller Elio; Trombini Maurizio; Accattato Mau" aCON QUESTA COMMEDIA MESSA IN SCENA PER LA PRIMA VOLTA NEL 1989, LA FANTASIA TEATRALE DI DARIO FO SI CIMENTA CON ALCUNI DEI TEMI PIU' SCOTTANTI DELLA NOSTRA SOCIETA': TRA RISATE E PARADOSSI SI PARLA DI DROGA E TOSSICODIPENDENZA, MA ANCHE DI CONTRACCEZIONE. PROTAGONISTA E' UN PAPA SENZA NOME, MA NON DEL TUTTO IRRICONOSCIBILE, CHE SOFFRE UNA STRANA SINDROME: HA PAURA DEI BAMBINI, CHE PURE HA SEMPRE AMATO, E PER DI PIU' E' COLPITO DA UN IMPROVVISO EMISTERIOSO ATTACCO DI ARTRITE. CURATO DA UNA FINTA SUORA CHE IN REALTA' E'UNA STREGA, IL PONTEFICE ARRIVERA' A CONVERTIRSI ALLE TESI ANTIPROIBIZIONISTE IN FATTO DI DROGA E CONTROLLO DELLE NASCITE, PROMULGANDO IN MATERIA UN'ENCICLICA A DIR POCO RIVOLUZIONARIA. REGISTRAZIONE EFFETTUATA DAL TEATRO QUIRINO DI ROMA. ALLEGATO IL VOLUME CARTACEO DELL'OPERA AL N. 8407/H7276. aPAL, STEREO aITALIANO aCOMMEDIA - TEATROeDVD-VARI [DVD]xCodice MATERIA SPICS: 9946 aCorso Arturoe(regista)gCodice secondo regista SPICS: 58902 aFo Dario e(regista)gCodice regista SPICS: 6571 aFo Dario e(soggetto)gCodice Soggetto SPICS: 6571